[Event "32.Gold-Cup"]
[Site "Meran"]
[Date "2004.04.23"]
[Round "1"]
[White "Perk, Egbert"]
[Black "Krieger, Hermann"]
[Result "0-1"]
[WhiteElo "1995"]
[BlackElo "2267"]
[PlyCount "128"]
[EventDate "2004.??.??"]

1. d4 {0} 1... f5 2. g3 g6 3. Bg2 Nf6 4. c4 Bg7 5. Nc3 O-O 6. Nh3 d6 7. Nf4 Na6
8. O-O c6 9. d5 Bd7 10. Nd3 e5 11. e4 Nc7 12. Bg5 cxd5 13. cxd5 h6 14. Bxf6
Qxf6 15. a4 f4 16. f3 h5 17. Rc1 Rac8 18. gxf4 exf4 19. Ne2 g5 20. Kh1 Na6 21.
Qb3 b6 22. Nc3 Nc5 23. Nxc5 Rxc5 24. Rcd1 g4 25. Rd2 Qh4 26. Rfd1 Be5 27. Nb5
a6 28. Na7 Kh8 29. Nc6 Bxc6 30. dxc6 Rxc6 31. Qe6 Qf6 32. Qxf6+ Rxf6 33. h3 Rc7
34. Kg1 Rc4 35. b3 Rc3 36. Rd3 g3 37. Rxc3 Bxc3 38. Bf1 a5 39. Bc4 Kg7 40. Rd5
Be5 41. Kg2 Kg6 42. Bb5 Rf8 43. Bc4 Rc8 44. Rb5 Rc6 45. Rd5 Kf6 46. Rb5 Ke7 47.
Rd5 Rc5 48. Rxc5 dxc5 49. Kf1 Bd4 50. Kg2 Kf6 51. Bg8 Be3 52. Bc4 Ke5 53. Bf7
h4 54. Bd5 Kd4 55. Bc4 Bc1 56. Bb5 Bb2 57. Bc4 Ke3 58. Bb5 Be5 59. Bc4 Kd2 60.
Bd5 Kc3 61. Kf1 Kb4 62. Bc4 b5 63. axb5 a4 64. bxa4 Kxc4 0-1

[Event "32.Gold-Cup"]
[Site "Meran"]
[Date "2004.04.23"]
[Round "1"]
[White "Boeven, Manfred"]
[Black "Kreie, Günter"]
[Result "1-0"]
[WhiteElo "2153"]
[BlackElo "1888"]
[PlyCount "73"]
[EventDate "2004.??.??"]

1. d4 {0} 1... Nf6 2. Nc3 d5 3. Bg5 Nbd7 4. Nf3 e6 5. e3 Be7 6. Bd3 c5 7. O-O
c4 8. Be2 O-O 9. Ne5 Nxe5 10. dxe5 Nd7 11. Bxe7 Qxe7 12. f4 a6 13. a4 b6 14.
Qd4 Nb8 15. Qxb6 Nd7 16. Qd4 Nb8 17. Bf3 Nc6 18. Qd2 Rb8 19. Rfb1 Rd8 20. Ne2
f6 21. exf6 Qxf6 22. Nd4 Ne7 23. c3 e5 24. fxe5 Qxe5 25. Re1 Bf5 26. Nxf5 Nxf5
27. Rad1 Nh4 28. Bxd5+ Kh8 29. e4 Rb6 30. Qf2 Qg5 31. e5 Rg6 32. Be4 Rh6 33.
Rxd8+ Qxd8 34. Rf1 Ng6 35. Bxg6 hxg6 36. Qf8+ Qxf8 37. Rxf8+ 1-0

[Event "32.Gold-Cup"]
[Site "Meran"]
[Date "2004.04.23"]
[Round "1"]
[White "Meineke, Lars"]
[Black "Kelchner, Hans"]
[Result "0-1"]
[WhiteElo "1835"]
[BlackElo "2147"]
[PlyCount "88"]
[EventDate "2004.??.??"]

1. Nf3 {0} 1... d5 2. b3 Bf5 3. Bb2 Nf6 4. d3 c5 5. g3 Nc6 6. Bg2 Qd7 7. O-O
Bh3 8. Nbd2 Bxg2 9. Kxg2 d4 10. c3 e5 11. Rc1 Rd8 12. cxd4 exd4 13. a3 Be7 14.
Qc2 O-O 15. Nc4 Qd5 16. Rfd1 Ng4 17. h3 f5 18. Kg1 Nf6 19. Ncd2 Qd7 20. Qc4+
Kh8 21. b4 cxb4 22. axb4 Bxb4 23. Nb3 a5 24. Nbxd4 Nxd4 25. Nxd4 Rfe8 26. e3 f4
27. exf4 Qxh3 28. Nf3 Qe6 29. Qb5 Qd5 30. Qxd5 Nxd5 31. Ne5 Kg8 32. Rc4 Bd6 33.
Ra1 b5 34. Re4 a4 35. Nc6 Rc8 36. Rd4 Rxc6 37. Rxd5 Rb8 38. Be5 Rbb6 39. Rb1
Bxe5 40. fxe5 b4 41. e6 Rxe6 42. Rd4 a3 43. Rdxb4 Rxb4 44. Rxb4 a2 0-1

[Event "32.Gold-Cup"]
[Site "Meran"]
[Date "2004.04.23"]
[Round "1"]
[White "Muscolino, Attilio"]
[Black "Otto, Matthias"]
[Result "1-0"]
[WhiteElo "2122"]
[BlackElo "1734"]
[PlyCount "92"]
[EventDate "2004.??.??"]

1. e4 c5 2. Nf3 e6 3. d4 cxd4 4. Nxd4 Nf6 5. Nc3 d6 6. Be2 Be7 7. Be3 Nc6 8.
Qd2 a6 9. a4 Qc7 10. O-O O-O 11. f4 b6 12. Nxc6 Qxc6 13. Bf3 Bb7 14. Qf2 b5 15.
Rad1 Nd7 16. axb5 axb5 17. Ne2 Qxc2 18. Rc1 Qxb2 19. Rc7 Bc8 20. Qg3 e5 21. f5
Bf6 22. Nc3 Ra1 23. Nd5 Kh8 24. Rxa1 Qxa1+ 25. Rc1 Qa3 26. Qe1 Nc5 27. Rxc5
dxc5 28. Bc1 Qd3 29. h3 b4 30. Kh2 Ba6 31. Be3 Rc8 32. Qf2 b3 33. Qb2 h6 34.
Qf2 Bg5 35. Bxg5 hxg5 36. Qg3 f6 37. Qg4 g6 38. fxg6 Kg7 39. Qd7+ Kxg6 40. Qf5+
Kg7 41. Qxf6+ Kh7 42. Bg4 Qf1 43. Bf5+ Qxf5 44. Qxf5+ Kg7 45. Qf6+ Kh7 46. Qf7+
{0} 46... Kh8 {0} 1-0

[Event "32.Gold-Cup"]
[Site "Meran"]
[Date "2004.04.23"]
[Round "1"]
[White "Gstalter, Herbert"]
[Black "Bigott, Martin"]
[Result "0-1"]
[WhiteElo "1699"]
[BlackElo "2111"]
[PlyCount "112"]
[EventDate "2004.??.??"]

1. Nf3 {0} 1... Nf6 2. c4 e6 3. d4 d5 4. cxd5 exd5 5. Qc2 Be7 6. Nc3 Nc6 7. a3
Bg4 8. e3 a6 9. b4 O-O 10. Be2 Qd7 11. O-O Bf5 12. Bd3 Bxd3 13. Qxd3 Bd6 14. b5
Na5 15. Ne5 Qe7 16. f4 Nb3 17. Ra2 Nxc1 18. Rxc1 axb5 19. Nxb5 c6 20. Nxd6 Qxd6
21. Qb3 Rfb8 22. a4 Ne4 23. Nd3 Qe7 24. Nc5 Nd6 25. Qd3 Re8 26. Rc3 Nb5 27.
Rcc2 Nd6 28. Rc3 Qh4 29. g3 Qg4 30. Rb2 Nc4 31. Qe2 Qxe2 32. Rxe2 b6 33. Nd7
Rxa4 34. Ne5 Nxe5 35. fxe5 Rc4 36. Rxc4 dxc4 37. Rc2 b5 38. Kf2 f6 39. exf6 Rf8
40. Kf3 Rxf6+ 41. Ke4 Re6+ 42. Kf4 g5+ 43. Kf3 Kg7 44. e4 Rf6+ 45. Ke3 g4 46.
e5 Rf3+ 47. Ke4 Kf7 48. d5 cxd5+ 49. Kxd5 Ke7 50. Ra2 Rd3+ 51. Ke4 Rd7 52. Ra6
Rc7 53. Rh6 Ke8 54. Re6+ Kd8 55. Rd6+ Kc8 56. e6 c3 0-1

[Event "32.Gold-Cup"]
[Site "Meran"]
[Date "2004.04.23"]
[Round "1"]
[White "Asmundsson, Ingvar"]
[Black "Lücke, Volkmar"]
[Result "1-0"]
[WhiteElo "2311"]
[BlackElo "2001"]
[PlyCount "51"]
[EventDate "2004.??.??"]

1. e4 {0} 1... e6 2. d4 d5 3. e5 c5 4. c3 Nc6 5. Nf3 Qb6 6. Be2 Nh6 7. Bxh6
Qxb2 8. Be3 Qxa1 9. Qc2 cxd4 10. Nxd4 Nb4 11. Bb5+ Kd8 12. cxb4 Bxb4+ 13. Ke2
a6 14. Bg5+ f6 15. exf6 Qxd4 16. fxg7+ Be7 17. Bxe7+ Kxe7 18. Qc7+ Bd7 19.
gxh8=Q Rxh8 20. Bxd7 Qe4+ 21. Kd2 Qd4+ 22. Kc1 Rf8 23. Ba4+ Kf6 24. Qc3 Qxc3+
25. Nxc3 Rc8 26. Kd2 1-0

[Event "32.Gold-Cup"]
[Site "Meran"]
[Date "2004.04.23"]
[Round "1"]
[White "Bucher, Rolf"]
[Black "Schweitzer, Paul"]
[Result "1/2-1/2"]
[WhiteElo "2082"]
[BlackElo "1551"]
[PlyCount "54"]
[EventDate "2004.??.??"]

1. c4 {0} 1... e6 2. g3 Nf6 3. Bg2 Nc6 4. Nf3 a6 5. O-O Be7 6. d4 d6 7. Nc3 Rb8
8. a4 O-O 9. Re1 h5 10. e4 e5 11. h3 exd4 12. Nxd4 Ne5 13. b3 c6 14. f4 Ng6 15.
Nf5 b5 16. Nxe7+ Qxe7 17. axb5 cxb5 18. cxb5 axb5 19. Nd5 Nxd5 20. exd5 Qf6 21.
Be3 h4 22. Bd4 Qd8 23. Qf3 hxg3 24. Qxg3 Qh4 25. Qxh4 Nxh4 26. Bf2 Nxg2 27.
Kxg2 Bf5 1/2-1/2

[Event "32.Gold-Cup"]
[Site "Meran"]
[Date "2004.04.23"]
[Round "1"]
[White "Sieghardt, Walter"]
[Black "Josting, Friedel"]
[Result "0-1"]
[WhiteElo "1542"]
[BlackElo "2035"]
[PlyCount "78"]
[EventDate "2004.??.??"]

1. d4 Nf6 2. c4 e6 3. Nf3 c5 4. e3 b6 5. Be2 Bb7 6. Nc3 Be7 7. O-O O-O 8. d5 d6
9. e4 exd5 10. exd5 Nbd7 11. b3 Re8 12. Re1 Nf8 13. Bd3 Bc8 14. h3 Ng6 15. Bxg6
hxg6 16. Bb2 Bf5 17. Qd2 Qc7 18. Re3 Bf8 19. Rae1 Rxe3 20. Rxe3 a6 21. Qe1 Rb8
22. Nd2 b5 23. Nce4 Nxe4 24. Nxe4 bxc4 25. Qc3 Bxe4 26. Rxe4 cxb3 27. axb3 Qb7
28. Qd3 Qxb3 29. Qxb3 Rxb3 30. Bc1 Rd3 31. Bf4 Rd1+ 32. Kh2 Rxd5 33. Ra4 Rd4
34. Rxd4 cxd4 35. Bd2 f5 36. Kg3 Kf7 37. Kf3 Ke6 38. Ke2 Be7 39. Ba5 Kd5 0-1

[Event "32.Gold-Cup"]
[Site "Meran"]
[Date "2004.04.23"]
[Round "1"]
[White "Wulf, Adalbert"]
[Black "Fanenbruck, Günter"]
[Result "1-0"]
[WhiteElo "2007"]
[BlackElo "1541"]
[PlyCount "43"]
[EventDate "2004.??.??"]

1. d4 {0} 1... d6 2. e4 e5 3. dxe5 dxe5 4. Qxd8+ Kxd8 5. Be3 Be6 6. Nd2 Nd7 7.
Bc4 Bxc4 8. Nxc4 f6 9. O-O-O b6 10. Ne2 Ke8 11. f3 Bc5 12. Nc3 Bxe3+ 13. Nxe3
Ne7 14. Nb5 Kd8 15. Rd2 Kc8 16. Rhd1 Rd8 17. h4 a6 18. Nc3 c6 19. Nc4 Kc7 20.
Rxd7+ Rxd7 21. Rxd7+ Kxd7 22. Nxb6+ 1-0

[Event "32.Gold-Cup"]
[Site "Meran"]
[Date "2004.04.23"]
[Round "1"]
[White "Laux, Dieter"]
[Black "Gerhards, Walter"]
[Result "0-1"]
[WhiteElo "1369"]
[BlackElo "2002"]
[PlyCount "70"]
[EventDate "2004.??.??"]

1. e4 {0} 1... e6 2. d4 d5 3. Be3 dxe4 4. f3 Nf6 5. Nd2 Nd5 6. Qe2 Nc6 7. fxe4
Nxe3 8. Qxe3 Qxd4 9. Qxd4 Nxd4 10. O-O-O e5 11. Ndf3 Nxf3 12. Nxf3 f6 13. Bb5+
c6 14. Bc4 Bg4 15. h3 Bh5 16. Be6 Rd8 17. Rxd8+ Kxd8 18. Rd1+ Kc7 19. Rd7+ Kb6
20. Rd8 g5 21. b4 g4 22. Nd2 gxh3 23. gxh3 Bg7 24. Nc4+ Ka6 25. Rd7 Bh6+ 26.
Kb2 Bg6 27. Nd6 Rb8 28. a4 Bf8 29. Bc4+ b5 30. Nxb5 cxb5 31. Bxb5+ Kb6 32. Kb3
a6 33. Bd3 Bxb4 34. a5+ Bxa5 35. Rd6+ Kc5+ 0-1

[Event "32.Gold-Cup"]
[Site "Meran"]
[Date "2004.04.23"]
[Round "1"]
[White "Gestrich, Wolfgang"]
[Black "Wempe, Jürgen"]
[Result "0-1"]
[WhiteElo "1413"]
[BlackElo "2202"]
[PlyCount "86"]
[EventDate "2004.??.??"]

1. c4 {0} 1... e5 2. Nc3 Bb4 3. a3 Bxc3 4. bxc3 d6 5. g3 Be6 6. d3 Nc6 7. Bg2
Nge7 8. e4 Qd7 9. Be3 b6 10. Ne2 Na5 11. O-O O-O-O 12. f4 f6 13. f5 Bf7 14. h3
Be8 15. Qc2 Qa4 16. Qxa4 Bxa4 17. Nc1 Nec6 18. Rf2 Nb8 19. Rb1 Na6 20. Bf1 Nc5
21. Bxc5 dxc5 22. Rf3 Rd6 23. Rb2 Rhd8 24. Be2 Bc6 25. Re3 Nxc4 26. dxc4 Rd1+
27. Bxd1 Rxd1+ 28. Kf2 Rxc1 29. Rd2 Ra1 30. Kf3 Rxa3 31. Red3 Ra4 32. Rd8+ Kb7
33. R2d3 Rxc4 34. Re3 a5 35. Rg8 a4 36. Rxg7 a3 37. Rg4 a2 38. Re1 Rxc3+ 39.
Kf2 b5 40. Ke2 b4 41. Kd2 c4 42. Ra1 Rd3+ 43. Kc2 Ba4+ 0-1

[Event "32.Gold-Cup"]
[Site "Meran"]
[Date "2000.01.01"]
[Round "2"]
[White "Krieger, Hermann"]
[Black "Muscolino, Attilio"]
[Result "1-0"]
[WhiteElo "2267"]
[BlackElo "2122"]
[PlyCount "81"]
[EventDate "2000.??.??"]

1. e4 {0} 1... c5 2. Nf3 e6 3. d4 cxd4 4. Nxd4 Nf6 5. Nc3 d6 6. g4 h6 7. h4 Nc6
8. g5 hxg5 9. Bxg5 Be7 10. Bg2 a6 11. Qd2 Nxd4 12. Qxd4 e5 13. Qd2 Be6 14.
O-O-O Qa5 15. Kb1 Rc8 16. a3 Rc6 17. Nd5 Qxd2 18. Rxd2 Bxd5 19. exd5 Rc4 20.
Re2 Nh5 21. b3 Rc7 22. Bf3 g6 23. c4 Ng7 24. Ree1 Bxg5 25. hxg5 Rxh1 26. Rxh1
Nf5 27. Kb2 Kf8 28. Rh8+ Kg7 29. Rd8 b5 30. cxb5 axb5 31. Be4 f6 32. Bxf5 gxf5
33. gxf6+ Kxf6 34. Rxd6+ Kg5 35. Rc6 Rd7 36. Rc5 Kf4 37. Rxb5 e4 38. Kc3 Ke5
39. Kc4 f4 40. d6+ Kxd6 41. Rd5+ 1-0

[Event "32.Gold-Cup"]
[Site "Meran"]
[Date "2000.01.01"]
[Round "2"]
[White "Wempe, Jürgen"]
[Black "Josting, Friedel"]
[Result "1-0"]
[WhiteElo "2202"]
[BlackElo "2035"]
[PlyCount "57"]
[EventDate "2000.??.??"]

1. d4 Nf6 2. Bf4 e6 3. f3 d5 4. Qd2 c5 5. Nc3 a6 6. g4 Nc6 7. e3 Bd7 8. h4 Rc8
9. g5 Nh5 10. Bh2 b5 11. O-O-O cxd4 12. exd4 Qa5 13. Kb1 Bb4 14. Nge2 O-O 15.
Bh3 Na7 16. Bg4 g6 17. Bxh5 gxh5 18. Be5 Nc6 19. f4 Ne7 20. a3 Bxc3 21. Nxc3
Qb6 22. f5 exf5 23. Bf6 b4 24. axb4 Qxb4 25. Bxe7 Qxe7 26. Nxd5 Qd6 27. Nf6+
Kh8 28. Qe2 f4 29. Qe4 1-0

[Event "32.Gold-Cup"]
[Site "Meran"]
[Date "2000.01.01"]
[Round "2"]
[White "Gerhards, Walter"]
[Black "Boeven, Manfred"]
[Result "1-0"]
[WhiteElo "2002"]
[BlackElo "2153"]
[PlyCount "71"]
[EventDate "2000.??.??"]

1. e4 {0} 1... c5 2. c3 Nf6 3. e5 Nd5 4. d4 cxd4 5. cxd4 e6 6. Nf3 b6 7. a3 Be7
8. Bd3 Ba6 9. O-O O-O 10. b4 Bxd3 11. Qxd3 d6 12. Bb2 Nd7 13. Nbd2 Nf4 14. Qe3
Ng6 15. exd6 Bxd6 16. Ne5 Ngxe5 17. dxe5 Bxe5 18. Bxe5 Nxe5 19. Qxe5 Qxd2 20.
Rfd1 Qc2 21. Rdc1 Qa4 22. Rc3 Rad8 23. h4 Rd5 24. Qf4 g6 25. Rac1 Rd1+ 26. Rxd1
Qxd1+ 27. Kh2 Qd5 28. Rc7 a5 29. g3 axb4 30. axb4 Kg7 31. Ra7 e5 32. Qe3 Qb5
33. h5 h6 34. hxg6 Kxg6 35. Rb7 Qxb4 36. Rxb6+ 1-0

[Event "32.Gold-Cup"]
[Site "Meran"]
[Date "2000.01.01"]
[Round "2"]
[White "Kelchner, Hans"]
[Black "Wulf, Adalbert"]
[Result "1-0"]
[WhiteElo "2147"]
[BlackElo "2007"]
[PlyCount "45"]
[EventDate "2000.??.??"]

1. c4 {0} 1... d6 2. Nc3 e5 3. Nf3 Nf6 4. g3 Nc6 5. Bg2 Be7 6. O-O O-O 7. d4
exd4 8. Nxd4 Bd7 9. Nc2 Rb8 10. h3 Re8 11. e4 h6 12. b3 Bf8 13. Bb2 Nh7 14. f4
f5 15. Kh2 Nf6 16. Re1 Kh8 17. Nd4 Nxd4 18. Qxd4 c5 19. Qd3 fxe4 20. Nxe4 Nxe4
21. Bxe4 Qc7 22. Bd5 Bc6 23. Qg6 1-0

[Event "32.Gold-Cup"]
[Site "Meran"]
[Date "2000.01.01"]
[Round "2"]
[White "Lücke, Volkmar"]
[Black "Bucher, Rolf"]
[Result "1/2-1/2"]
[WhiteElo "2001"]
[BlackElo "2082"]
[PlyCount "68"]
[EventDate "2000.??.??"]

1. Nf3 {0} 1... Nf6 2. g3 g6 3. Bg2 Bg7 4. O-O O-O 5. d4 d6 6. c3 c6 7. Nbd2
Qc7 8. e4 Nbd7 9. Qc2 e5 10. dxe5 dxe5 11. b3 Re8 12. Bb2 b6 13. Rad1 Ba6 14.
c4 Rad8 15. Nb1 Nh5 16. Rfe1 Nf8 17. Rxd8 Rxd8 18. Rd1 Ne6 19. Rxd8+ Nxd8 20.
Qd2 Ne6 21. Bh3 Bc8 22. Bg4 c5 23. Bxh5 gxh5 24. Nc3 Nd4 25. Nxd4 exd4 26. Nd5
Qe5 27. Qf4 Bb7 28. Qxe5 Bxe5 29. Bc1 Kg7 30. f4 Bb8 31. Kf2 Bc8 32. Ke2 Bd7
33. Kd3 f6 34. Bd2 Bh3 1/2-1/2

[Event "32.Gold-Cup"]
[Site "Meran"]
[Date "2000.01.01"]
[Round "2"]
[White "Schweitzer, Paul"]
[Black "Perk, Egbert"]
[Result "0-1"]
[WhiteElo "1551"]
[BlackElo "1995"]
[PlyCount "44"]
[EventDate "2000.??.??"]

1. Nf3 {0} 1... c5 2. b3 d5 3. Bb2 e6 4. e3 Nf6 5. c4 Be7 6. cxd5 exd5 7. Bb5+
Nbd7 8. Ne5 O-O 9. Nxd7 Bxd7 10. Bxd7 Qxd7 11. O-O Rfe8 12. d3 Rad8 13. Nd2 Qf5
14. Qb1 Bd6 15. Bxf6 Qxf6 16. Nf3 g5 17. Qd1 Re6 18. Rb1 g4 19. Ne1 Bxh2+ 20.
Kxh2 Qh4+ 21. Kg1 Rh6 22. f4 g3 0-1

[Event "32.Gold-Cup"]
[Site "Meran"]
[Date "2000.01.01"]
[Round "2"]
[White "Kreie, Günter"]
[Black "Sieghardt, Walter"]
[Result "1-0"]
[WhiteElo "1888"]
[BlackElo "1542"]
[PlyCount "69"]
[EventDate "2000.??.??"]

1. e4 {0} 1... e6 2. d4 d5 3. Nd2 Nf6 4. e5 Nfd7 5. Bd3 a6 6. Ne2 c5 7. c3 Nc6
8. Nf3 cxd4 9. cxd4 Bb4+ 10. Bd2 Qb6 11. O-O Bxd2 12. Qxd2 O-O 13. a3 Na5 14.
Bc2 Nc4 15. Qd3 g6 16. b3 Na5 17. Qe3 Kg7 18. Ng3 Qd8 19. h4 f5 20. Ng5 Qe7 21.
Ne2 h6 22. Nf3 Rg8 23. Nf4 Nf8 24. Rfc1 Bd7 25. Nd3 b6 26. g3 Nc6 27. b4 Rc8
28. Ba4 Nh7 29. Bd1 g5 30. hxg5 hxg5 31. Kg2 Qf7 32. Nxg5 Nxg5 33. Qxg5+ Qg6
34. Qxg6+ Kxg6 35. Nf4+ 1-0

[Event "32.Gold-Cup"]
[Site "Meran"]
[Date "2000.01.01"]
[Round "2"]
[White "Fanenbruck, Günter"]
[Black "Meineke, Lars"]
[Result "0-1"]
[WhiteElo "1541"]
[BlackElo "1835"]
[PlyCount "48"]
[EventDate "2000.??.??"]

1. e4 {0} 1... e6 2. d4 d5 3. exd5 exd5 4. Nf3 Bd6 5. Bd3 Ne7 6. O-O O-O 7. c3
h6 8. Re1 Bg4 9. Nbd2 Nd7 10. Nf1 c5 11. Ne3 Bh5 12. Be2 Qc7 13. Nf1 Rae8 14.
Be3 c4 15. Nh4 Bg6 16. Nxg6 Nxg6 17. Bf3 Nf6 18. g3 Ne4 19. Bg2 f5 20. Qa4 f4
21. Bxe4 dxe4 22. gxf4 Bxf4 23. Bxf4 Nxf4 24. Qc2 Nh3+ 0-1

[Event "32.Gold-Cup"]
[Site "Meran"]
[Date "2000.01.01"]
[Round "2"]
[White "Otto, Matthias"]
[Black "Laux, Dieter"]
[Result "1-0"]
[WhiteElo "1734"]
[BlackElo "1369"]
[PlyCount "55"]
[EventDate "2000.??.??"]

1. e4 {0} 1... c5 2. Nf3 Nc6 3. g3 Nf6 4. d3 e5 5. Bg2 Be7 6. Nbd2 b5 7. O-O a5
8. c3 Ba6 9. Qc2 Rc8 10. Rd1 Qb6 11. Nf1 O-O 12. Qe2 b4 13. Ne3 Qc7 14. Nf5 Bd8
15. Be3 Ne7 16. cxb4 Nxf5 17. exf5 axb4 18. Rdc1 Be7 19. Qc2 d5 20. d4 exd4 21.
Bxd4 c4 22. Qd2 Ne4 23. Qe3 Bc5 24. h4 Rfe8 25. Bxc5 Nxg3 26. Qg5 Ne2+ 27. Kh1
Nxc1 28. f6 1-0

[Event "32.Gold-Cup"]
[Site "Meran"]
[Date "2000.01.01"]
[Round "2"]
[White "Gestrich, Wolfgang"]
[Black "Gstalter, Herbert"]
[Result "1/2-1/2"]
[WhiteElo "1413"]
[BlackElo "1699"]
[PlyCount "111"]
[EventDate "2000.??.??"]

1. c4 {0} 1... Nf6 2. Nc3 g6 3. g3 Bg7 4. Bg2 O-O 5. e4 e5 6. Nge2 Qe7 7. d3 c6
8. O-O d6 9. h3 Be6 10. Kh2 Ne8 11. f4 f5 12. exf5 Bxf5 13. g4 Be6 14. g5 Nd7
15. Be3 Nc7 16. h4 Bg4 17. Qd2 Rae8 18. Rae1 a6 19. Ng1 Qd8 20. Bh3 Bxh3 21.
Nxh3 Ne6 22. Ne4 Qb8 23. Kg2 d5 24. Ng3 d4 25. Bg1 exf4 26. Ne2 f3+ 27. Rxf3
Rxf3 28. Kxf3 Ne5+ 29. Kg2 Rf8 30. Nef4 Nxf4+ 31. Nxf4 Nxc4 32. dxc4 Qxf4 33.
Qxf4 Rxf4 34. Bf2 Kf7 35. Kg3 Rf5 36. b3 c5 37. Kg2 Re5 38. Kf3 Rxe1 39. Bxe1
Be5 40. Ke4 Ke6 41. a4 b6 42. Bf2 Bh2 43. Be1 d3 44. Kxd3 Kf5 45. Ke3 Kg4 46.
Ke4 Bg3 47. Bd2 Bxh4 48. a5 bxa5 49. Kd5 Bxg5 50. Bxg5 Kxg5 51. Kxc5 h5 52. Kb6
h4 53. c5 h3 54. c6 h2 55. c7 h1=Q 56. c8=Q 1/2-1/2

[Event "32.Gold-Cup"]
[Site "Meran"]
[Date "2004.04.25"]
[Round "3"]
[White "Gerhards, Walter"]
[Black "Krieger, Hermann"]
[Result "0-1"]
[WhiteElo "2002"]
[BlackElo "2267"]
[PlyCount "68"]
[EventDate "2004.??.??"]

1. e4 {0} 1... c5 2. c3 d5 3. exd5 Qxd5 4. d4 Nf6 5. Nf3 e6 6. Be2 Be7 7. O-O
O-O 8. h3 Nc6 9. Be3 cxd4 10. cxd4 Rd8 11. Nc3 Qa5 12. Qb3 Nd5 13. Nxd5 exd5
14. Rfd1 Rb8 15. Rac1 Bf5 16. a3 Bd6 17. Bd3 Bxd3 18. Qxd3 Rd7 19. Bg5 f6 20.
Bh4 Re8 21. Qf5 Rf7 22. Rc3 g6 23. Qc2 Kg7 24. Bg3 Bxg3 25. fxg3 Rfe7 26. Kh2
Qd8 27. Rd2 Qd6 28. b4 a6 29. Qb3 Re4 30. Rc5 Ne7 31. Rd1 b6 32. Rc3 Nf5 33.
Rdc1 Qxg3+ 34. Kg1 Re2 0-1

[Event "32.Gold-Cup"]
[Site "Meran"]
[Date "2004.04.25"]
[Round "3"]
[White "Kelchner, Hans"]
[Black "Wempe, Jürgen"]
[Result "1/2-1/2"]
[WhiteElo "2147"]
[BlackElo "2202"]
[PlyCount "42"]
[EventDate "2004.??.??"]

1. c4 {0} 1... e5 2. Nc3 Bb4 3. Qb3 Nc6 4. e3 Nf6 5. Nd5 Ba5 6. Qa4 O-O $2 7.
a3 (7. b4 Nxd5 8. cxd5 Nxb4 9. a3 $18) 7... d6 8. b4 Bb6 9. Nxb6 cxb6 10. Bb2
$11 Be6 11. Nf3 e4 12. Nd4 Ne5 13. Nxe6 fxe6 14. Bxe5 dxe5 15. Be2 a6 16. Qc2
Rc8 17. O-O Qc7 18. Rac1 Rfd8 19. Rfd1 Kh8 20. Qb1 Rd7 21. g3 Rcd8 1/2-1/2

[Event "32.Gold-Cup"]
[Site "Meran"]
[Date "2004.04.25"]
[Round "3"]
[White "Asmundsson, Ingvar"]
[Black "Muscolino, Attilio"]
[Result "1-0"]
[WhiteElo "2311"]
[BlackElo "2122"]
[PlyCount "45"]
[EventDate "2004.??.??"]

1. e4 {0} 1... c5 2. Nf3 e6 3. c3 d5 4. e5 d4 5. Bd3 Nc6 6. O-O Nge7 7. Re1 Ng6
8. g3 Rb8 9. Qe2 a6 10. h4 b5 11. b3 Bd7 12. a4 Qb6 13. axb5 axb5 14. Na3 Na5
15. h5 Ne7 16. cxd4 cxd4 17. Rb1 Nd5 18. Nc2 Nb4 19. Nxb4 Bxb4 20. Bb2 Nxb3 21.
Ba1 Nxa1 22. Rxb4 Qc5 23. Rbb1 1-0

[Event "32.Gold-Cup"]
[Site "Meran"]
[Date "2004.04.25"]
[Round "3"]
[White "Bucher, Rolf"]
[Black "Bigott, Martin"]
[Result "1/2-1/2"]
[WhiteElo "2082"]
[BlackElo "2111"]
[PlyCount "23"]
[EventDate "2004.??.??"]

1. c4 {0} 1... e5 2. Nc3 Nf6 3. Nf3 Nc6 4. d3 h6 5. a3 a5 6. g3 d5 7. cxd5 Nxd5
8. Nxd5 Qxd5 9. Bg2 a4 10. O-O Qb5 11. d4 Bd6 12. dxe5 1/2-1/2

[Event "32.Gold-Cup"]
[Site "Meran"]
[Date "2004.04.25"]
[Round "3"]
[White "Perk, Egbert"]
[Black "Kreie, Günter"]
[Result "1/2-1/2"]
[WhiteElo "1995"]
[BlackElo "1888"]
[PlyCount "57"]
[EventDate "2004.??.??"]

1. d4 {0} 1... Nf6 2. Nf3 e6 3. Bg5 c5 4. c3 Be7 5. e3 Ne4 6. Bxe7 Qxe7 7. Nbd2
f5 8. Nxe4 fxe4 9. Nd2 d5 10. Qh5+ g6 11. Qe2 b6 12. f4 Ba6 13. Qf2 Bxf1 14.
Nxf1 Nd7 15. g4 Rf8 16. Qe2 g5 17. fxg5 Qxg5 18. h4 Qe7 19. Nd2 Qd6 20. O-O-O
O-O-O 21. g5 Kb7 22. Qh5 Qe7 23. Rhf1 e5 24. Qe2 exd4 25. exd4 e3 26. Kb1 Rxf1
27. Rxf1 Re8 28. Nf3 Qe4+ 29. Ka1 1/2-1/2

[Event "32.Gold-Cup"]
[Site "Meran"]
[Date "2004.04.25"]
[Round "3"]
[White "Boeven, Manfred"]
[Black "Meineke, Lars"]
[Result "1-0"]
[WhiteElo "2153"]
[BlackElo "1835"]
[PlyCount "77"]
[EventDate "2004.??.??"]

1. d4 {0} 1... e6 2. Nc3 d5 3. Nf3 Nf6 4. Bg5 Be7 5. e3 O-O 6. Bd3 b6 7. Ne5
Bb7 8. O-O Nbd7 9. f4 Nxe5 10. fxe5 Nd7 11. Bxe7 Qxe7 12. Qg4 f5 13. exf6 Rxf6
14. Rxf6 Nxf6 15. Qh4 Rf8 16. Bxh7+ Kf7 17. Rf1 Ke8 18. Bg6+ Kd7 19. a3 Ba6 20.
Rf2 Qd8 21. e4 Kc6 22. e5 Rh8 23. Qg5 Nd7 24. Qxd8 Rxd8 25. Rf7 Rg8 26. Re7 Nf8
27. Bf7 Rh8 28. Bxe6 Nxe6 29. Rxe6+ Kb7 30. Nxd5 Bc4 31. Nf4 Rf8 32. b3 Bxe6
33. Nxe6 Rg8 34. h4 Kc6 35. c4 Kd7 36. d5 Rh8 37. Nxg7 Rxh4 38. e6+ Kd8 39. e7+
1-0

[Event "32.Gold-Cup"]
[Site "Meran"]
[Date "2004.04.25"]
[Round "3"]
[White "Josting, Friedel"]
[Black "Otto, Matthias"]
[Result "1/2-1/2"]
[WhiteElo "2035"]
[BlackElo "1734"]
[PlyCount "47"]
[EventDate "2004.??.??"]

1. Nf3 {0} 1... c5 2. c3 d5 3. d4 e6 4. e3 Nc6 5. Bd3 Nf6 6. Nbd2 Bd6 7. O-O
O-O 8. Re1 e5 9. dxe5 Nxe5 10. Nxe5 Bxe5 11. Nf3 Bg4 12. h3 Bh5 13. Be2 Bc7 14.
Nh2 Qd6 15. g3 Bg6 16. c4 Ne4 17. Nf1 Qf6 18. f4 dxc4 19. Bxc4 Rad8 20. Qb3 b6
21. Bd5 Bf5 22. g4 Be6 23. Bxe6 fxe6 24. Qc2 1/2-1/2

[Event "32.Gold-Cup"]
[Site "Meran"]
[Date "2004.04.25"]
[Round "3"]
[White "Wulf, Adalbert"]
[Black "Schweitzer, Paul"]
[Result "0-1"]
[WhiteElo "2007"]
[BlackElo "1551"]
[PlyCount "100"]
[EventDate "2004.??.??"]

1. Nf3 {0} 1... e6 2. d4 d5 3. a3 Ne7 4. Bf4 Ng6 5. Bg3 Nd7 6. e3 Be7 7. c4 c6
8. Nc3 a6 9. Qc2 O-O 10. Bd3 dxc4 11. Bxc4 b5 12. Bb3 Bb7 13. Ne4 c5 14. Ned2
c4 15. Ba2 Rc8 16. O-O Nf6 17. e4 Nh5 18. Rfe1 Nhf4 19. Re3 Qb6 20. Rae1 h6 21.
Bb1 Bg5 22. h4 Nxg2 23. Kxg2 Bxe3 24. fxe3 f5 25. e5 b4 26. axb4 Qxb4 27. Rc1
Ne7 28. Be1 Nd5 29. Nf1 Qb5 30. Kf2 a5 31. Ba2 Ba6 32. Bc3 Rf7 33. N1d2 f4 34.
exf4 Nxf4 35. Rf1 Qb6 36. Ne4 Nd3+ 37. Ke3 Rf4 38. Rg1 Rxe4+ 39. Kxe4 Qc6+ 40.
Ke3 Rf8 41. Qg2 Rf7 42. Nd2 Qb6 43. Qg3 Nf4 44. Bxc4 Bxc4 45. Nxc4 Qb5 46. Kd2
Qxc4 47. Re1 a4 48. Re3 Nd5 49. Rf3 Nxc3 50. bxc3 Qa2+ 0-1

[Event "32.Gold-Cup"]
[Site "Meran"]
[Date "2004.04.25"]
[Round "3"]
[White "Gstalter, Herbert"]
[Black "Lücke, Volkmar"]
[Result "1/2-1/2"]
[WhiteElo "1699"]
[BlackElo "2001"]
[PlyCount "66"]
[EventDate "2004.??.??"]

1. Nf3 {0} 1... Nf6 2. c4 g6 3. Nc3 Bg7 4. g3 O-O 5. Bg2 c6 6. O-O d5 7. cxd5
cxd5 8. d4 Nc6 9. Bf4 Nh5 10. Be3 e6 11. Qd2 Qb6 12. Rfd1 Bd7 13. Rac1 Rac8 14.
Na4 Qb4 15. Nc5 Qxd2 16. Rxd2 Nb8 17. Rdc2 Bc6 18. Bd2 Nd7 19. Nxd7 Bxd7 20.
Rxc8 Rxc8 21. Rxc8+ Bxc8 22. e3 b6 23. Bb4 Bf8 24. Bxf8 Kxf8 25. Bf1 f6 26. Bd3
Bb7 27. Kf1 Ke7 28. h4 Kd6 29. g4 Ng7 30. g5 f5 31. Ne5 Ne8 32. Ke2 Ke7 33. Kd2
Nd6 1/2-1/2

[Event "32.Gold-Cup"]
[Site "Meran"]
[Date "2004.04.25"]
[Round "3"]
[White "Laux, Dieter"]
[Black "Fanenbruck, Günter"]
[Result "1-0"]
[WhiteElo "1369"]
[BlackElo "1541"]
[PlyCount "63"]
[EventDate "2004.??.??"]

1. e4 {0} 1... d6 2. d4 e5 3. dxe5 dxe5 4. Qxd8+ Kxd8 5. Bg5+ f6 6. Bh4 Be6 7.
Nf3 Nd7 8. Bb5 c6 9. Bd3 Kc7 10. Nbd2 Nc5 11. O-O Rd8 12. Nxe5 fxe5 13. Bxd8+
Kxd8 14. Bc4 Nh6 15. Rad1 Kc7 16. Bxe6 Nxe6 17. Nc4 Nf7 18. Rd2 b5 19. Rfd1 Nd4
20. Nxe5 Nxe5 21. Rxd4 Bc5 22. R4d2 Rf8 23. h3 Nc4 24. Rd7+ Kc8 25. b3 Rxf2 26.
Rd8+ Kc7 27. R1d7+ Kb6 28. bxc4 Rf8+ 29. Kh2 Rxd8 30. Rxd8 bxc4 31. Rd7 Bd4 32.
Rxd4 1-0